Twenty One Pilots Songs where the Title is said the most - Statistics

General Stats
  • This quiz has been taken 16 times
  • The average score is 8 of 19
Answer Stats
Times said Answer % Correct
23 Jumpsuit
71%
32 Pet Cheetah
64%
16 Navigating
57%
21 Polarize
57%
14 Heavydirtysoul
50%
12 Lane Boy
50%
18 Morph
50%
15 Saturday
50%
12 Fall Away
43%
13 Lavish
36%
19 One Way
36%
11 RAWFEAR
36%
10 The Hype
36%
12 Johnny Boy
29%
11 Level of Concern
29%
10 Never Take It
29%
11 Tear in My Heart
29%
10 The Judge
29%
10 Neon Gravestones
14%
No matching quizzes found
Score Distribution
Percent of People with Each Score
Percentile by Number Answered
Your Score History
You have not taken this quiz